000 00472nam a22002057a 4500
003 bpm
005 20260316080558.0
008 260316b |||||||g |||| 00| p spa d
022 _a9879946081
024 _aS. C. C. / M. C. y E. M.:
040 _aAR-CtUCP
041 _aspa
080 _282- 44
_aCDU
110 _aPoderti Alicia
245 _aPrimera herida
260 _aSalta
_bMilor
_c2002
650 _aLiteratura- Poesía
942 _cLIB
999 _c76578
_d76578